| 000 | 01085nam a2200301 i 4500 | ||
|---|---|---|---|
| 003 | CO-BoRNBP | ||
| 005 | 20250120144239.0 | ||
| 007 | ta | ||
| 008 | 250120s2023 Uy a|||| |||| 00| 0 spa d | ||
| 020 | _a9789915670331 | ||
| 040 |
_aCO-BoRNBP _bspa _cCO-BoRNBP _erda |
||
| 041 | _aspa | ||
| 084 | _aC CUE | ||
| 100 | 1 |
_aEquipo editorial Mammoth _eautor _957546 |
|
| 245 |
_aEn la ciudad encuentra quién se esconde _b¿Quién soy? texturas/ _cEquipo Editorial Mammoth World |
||
| 250 | _aPrimera edición | ||
| 264 | 4 |
_aMontevideo, Uruguay, _bLatinbooks International S.A. _c©2023 |
|
| 300 |
_a16 páginas, _bilustraciones a color, páginas troqueladas, atractivas texturas, tapa dura, _calto 18 cm ancho 18 cm |
||
| 336 |
_2rdacontent _atexto _btxt |
||
| 337 |
_2rdamedia _asin mediación _bn |
||
| 338 |
_2rdacarrier _avolumen _bnc |
||
| 490 |
_a¿Quién soy? _pTexturas |
||
| 650 |
_2LEMB _aLiteratura infantil _92746 |
||
| 650 |
_2LEMB _aCuento infantil _916411 |
||
| 650 |
_2LEMB _aTexturas _910549 |
||
| 650 |
_2LEMB _aBomberos _vhospital _xpersonajes _957577 |
||
| 942 |
_2ddc _cBKINF |
||
| 999 |
_c56783 _d56783 |
||